Missing Word: Steve Miller Band Quiz Stats

 Plays Quiz Updated Dec 20, 2017

Score 0/20 Timer 02:00
0 Plays Today
Song Missing Word % Correct
Fly Like an _____Eagle
90.2%
Take the _____ and RunMoney
90%
Dance, _____, DanceDance
85.9%
I Want to Make the _____ Turn AroundWorld
68.6%
_____ JokerThe
63%
Jungle _____Love
56.9%
Jet _____Airliner
52.6%
_____ CowboySpace
47.9%
Rock'n _____Me
26.1%
_____ in the U.S.A.Living
22.6%
Song Missing Word % Correct
Wild _____ HoneyMountain
22.5%
Your Cash Ain't Nothin' but _____Trash
13.4%
_____ of LoveGangster
11.8%
True _____ LoveFine
11.4%
Mercury _____Blues
8.9%
Going to the _____Country
6.9%
_____ Ba Da Du Ma Ma Ma MaShu
6.6%
_____ TimeWinter
6.1%
Hey _____Yeah
3.8%
_____ CityMacho
3.4%

Today's Daily Dose

Word Ladder
Big Phrases

Quick Pick
SNL Movies

Get the Picture
Ron or Howard

You're not logged in!

Compare scores with friends on all Sporcle quizzes.
OR
Log In

Show Comments

Extras

Top Quizzes Today


Score Distribution

Your Account Isn't Verified!

In order to create a playlist on Sporcle, you need to verify the email address you used during registration. Go to your Sporcle Settings to finish the process.

Report this User

Report this user for behavior that violates our Community Guidelines.

Details: